000 00510cam a2200181 4500
001 D5909
008 090401t1976 xxu||||| |||| 00| 0 eng d
035 _a(Sirsi) u75537
041 _aeng
050 _a690.072
110 _aInstitute of Quantity Surveyors
_92491
245 _aInternational survey of research into building economics and quantity surveying 1976, [by the] Research Committee
260 _aLondon
_bIQS
_c1976
300 _a139p. 30cm
350 _a10
942 _n0
948 _c04/03/1997
999 _c96034
_d96034